Υποθαλάσσια ακουστική διάδοση στο Βόρειο Αιγαίο : πτυχιακή εργασία
Saved in:
| Main Author: | |
|---|---|
| Corporate Author: | |
| Other Authors: | |
| Format: | Thesis Book |
| Language: | Greek |
| Published: |
2010
|
| Subjects: | |
| Online Access: | http://hdl.handle.net/11610/7113 |
| Tags: |
Add Tag
No Tags, Be the first to tag this record!
|
MARC
| LEADER | 00000cam a2200000 i 4500 | ||
|---|---|---|---|
| 001 | 1/14373 | ||
| 008 | 110725s2010 gre d | ||
| 035 | |l 10110553 | ||
| 040 | |a GR-MY-UA |b gre |e aacr | ||
| 041 | 0 | |a gre | |
| 082 | 0 | |a 551.46 |2 (22) | |
| 100 | 1 | |a Μπιτσικώκος, Πέτρος. | |
| 245 | 1 | 0 | |a Υποθαλάσσια ακουστική διάδοση στο Βόρειο Αιγαίο : |b πτυχιακή εργασία / |c του φοιτητή Μπιτσικώκου Πέτρου ; επιβλέπων αναπλ.καθηγητής Βασίλης Ζερβάκης |
| 260 | |c 2010 | ||
| 300 | |a 83 σ.; |b σχ.; |c 30 εκ. | ||
| 502 | |a Πτυχιακή εργασία – Πανεπιστήμιο Αιγαίου, Λέσβος, 2010. | ||
| 504 | |a Περιέχει βιβλιογραφία | ||
| 650 | 0 | 0 | |a Underwater acoustics. |
| 650 | 0 | 0 | |a Seawater |x Acoustic properties. |
| 650 | 0 | 0 | |a Oceanography |z Aegean Sea. |
| 650 | 0 | 0 | |a Dissertations, Academic |z Greece. |
| 700 | 1 | |4 ths |a Ζερβάκης, Βασίλης. | |
| 710 | 2 | |a Πανεπιστήμιο Αιγαίου |b Σχολή Περιβάλλοντος |b Τμήμα Επιστημών της Θάλασσας. | |
| 852 | |a INST |b LESVOS |c DIATR |e 20110725 |h 489 |p 005100049699 |q 005100049699 |t DIE |y 23 | ||
| 852 | |a INST |b LESVOS |c DIATR |e 20110725 |h 490 |p 005100049700 |q 005100049700 |t DIE |y 23 | ||
| 856 | |u http://hdl.handle.net/11610/7113 | ||
| 901 | |a BIBL1-2011-2 | ||
| 909 | |a Λ |b 169480 | ||
| 909 | |a Λ |b 169481 | ||
| 924 | |a ΜΠΙΤΣΙΚΩΚΟΣ |b ΠΕΤΡΟΣ |y ΛΕΣΒΟΣ |z 2011-07 | ||
| 970 | |a ΠΑΤΣΗ |b ΑΝΘΙΠΠΗ |z 2011/07/25 | ||